Apuntes porteños

Gespeichert in:
Bibliographische Detailangaben
1. Verfasser: Lukas, 1934-1988, Pecchenino Raggi, Renzo (autor)
Format: Buch
Sprache:Spanisch
Veröffentlicht: Valparaíso Fundación Renzo Pecchenino 2002
Ausgabe:3a. ed
Schlagworte:
Tags: Tag hinzufügen
Keine Tags, Fügen Sie den ersten Tag hinzu!

MARC

LEADER 00000nam a2200000 a 4500
001 UCJ0689
003 CL-VaPUC
005 20241211103007.0
008 060825e20020000CL |||||||||||||||||spa|d
999 |c 317452  |d 317450 
020 |a 9562722813 
040 |c Pontificia Universidad Católica de Valparaíso 
082 0 4 |a 398.09  |b PEC  |2 21 
100 |a Lukas,  |d 1934-1988,  |q Pecchenino Raggi, Renzo  |e autor  |9 861249 
245 1 0 |a Apuntes porteños 
250 |a 3a. ed 
260 |a Valparaíso  |b Fundación Renzo Pecchenino  |c 2002 
300 |a 94 p 
583 |a last modification  |c 20060825 00:00:00  |k Rodrigo Vera 
650 0 |a Costumbres y tradiciones   |9 268292 
650 7 |a FOLKLORE  |2 CL-VaPUC  |9 268291 
650 0 |a Antropología cultural y social   |9 265143 
650 0 |a Caricaturas  |9 359381 
650 0 |a Historia urbana  |9 265140 
651 7 |a CHILE  |2 CL-VaPUC  |9 500960 
651 0 |a Valparaíso, Chile  |9 261144 
942 |c BK  |2 ddc 
945 |d 20060825 00:00:00  |a jtorresc 
952 |0 0  |1 0  |4 0  |6 398_090000000000000_PEC_2002  |7 0  |8 R  |9 393837  |a BIBARQ  |b BIBARQ  |d 2019-11-22  |i 4268202  |l 1  |m 1  |o 398.09 PEC 2002  |p 4268202  |r 2025-01-20  |s 2023-08-21  |w 2019-11-22  |y BK_R  |k ARQ